El diario de la cgt de los argentinos, 2 /
Guardado en:
| Autor Principal: | |
|---|---|
| Formato: | Libro |
| Publicado: |
Buenos Aires :
La Pagina,
1997
|
| Series: | Universidad Nacional De Quilme
|
| Materias: | |
| Etiquetas: |
Agregar Etiqueta
Sin Etiquetas, Sea el primero en etiquetar este registro!
|
| LEADER | 00643nam a22002055a 4500 | ||
|---|---|---|---|
| 001 | EHU.bham024077 | ||
| 003 | AR-BHAM | ||
| 005 | 20120830151704.0 | ||
| 008 | 130507s1997##################000#0#####d | ||
| 082 | 0 | 7 | |a 070.172 |
| 100 | 1 | |a Walsh, Rodolfo, Dir. | |
| 245 | 1 | 0 | |a El diario de la cgt de los argentinos, 2 / |c Rodolfo, Dir. Walsh |
| 260 | |a Buenos Aires : |b La Pagina, |c 1997 | ||
| 300 | |a 93 p. | ||
| 490 | 0 | |a Universidad Nacional De Quilme | |
| 500 | |a Edicion De 4 Numeros.- | ||
| 653 | |a Periodicos | ||
| 653 | |a Politica argentina | ||
| 653 | |a Sindicalismo argentino | ||
| 859 | |a AR-BHAM |b BIB. HUMANIDADES - General |h 070.172 |i W168 |p 642.01 |t Ej.1 |v II |3 II | ||
